000 00615cam a2200229 4500
008 090401t1976 xxu||||| |||| 00| 0 eng d
020 _a0117240877
035 _a(Sirsi) u73494
041 _aeng
050 _a690
110 _aBuilding Research Establishment
245 _aEnergy consumption and conservation in buildings
260 _aLondon
_bHMSO
_c1976
300 _a8p.; ill.; 30cm.
350 _a0
490 _aBRE Digest
_v191
650 _aENERGY CONSERVATION
650 _aENERGY CONSUMPTION
690 _aBUILDING AND CONSTRUCTION-ENERGY CONSERVATION
942 _n0
948 _c04/03/1997
999 _c95611
_d95611